Cirugía de campo en animales de abasto / (Record no. 170302)
[ view plain ]
| 000 -CABECERA | |
|---|---|
| campo de control de longitud fija | 01206nam a2200373Ia 4500 |
| 001 - NÚMERO DE CONTROL | |
| campo de control | Z_7029 |
| 003 - IDENTIFICADOR DEL NÚMERO DE CONTROL | |
| campo de control | CHAP |
| 008 - DATOS DE LONGITUD FIJA--INFORMACIÓN GENERAL | |
| campo de control de longitud fija | 220113s9999 xx 000 0 und d |
| 010 ## - NÚMERO DE CONTROL DE LA BIBLIOTECA DEL CONGRESO | |
| Número de control de LC | 170302 |
| 020 ## - NÚMERO INTERNACIONAL ESTÁNDAR DEL LIBRO | |
| Número Internacional Estándar del Libro | 978-607-17-1310-0 |
| 040 ## - FUENTE DE LA CATALOGACIÓN | |
| Centro/agencia transcriptor | CHAP |
| 082 ## - NÚMERO DE LA CLASIFICACIÓN DECIMAL DEWEY | |
| Número de clasificación | 636.0897919 O73 |
| 100 ## - ENTRADA PRINCIPAL--NOMBRE DE PERSONA | |
| Nombre de persona | Ordóñez Medina, Rafael |
| 9 (RLIN) | 136027 |
| 245 ## - MENCIÓN DE TÍTULO | |
| Título | Cirugía de campo en animales de abasto / |
| Mención de responsabilidad, etc. | Rafael Ordónez Mendez...[et al.]; colaboradores Luis Arturo Navarro Morales...[et al.] |
| 250 ## - MENCIÓN DE EDICIÓN | |
| Mención de edición | reimpresión 2016 |
| 260 ## - PUBLICACIÓN, DISTRIBUCIÓN, ETC. | |
| Lugar de publicación, distribución, etc. | México, D. F. : |
| Nombre del editor, distribuidor, etc. | Trillas, |
| Fecha de publicación, distribución, etc. | |
| 300 ## - DESCRIPCIÓN FÍSICA | |
| Extensión | 198 p. |
| 500 ## - NOTA GENERAL | |
| Nota general | En cubierta: cuidados pre y posoperatorios, sedación y anestesia, instrumental y suturas. |
| 503 ## - NOTA DE HISTORIA BIBLIOGRÁFICA (BK CF MU) [OBSOLETO] | |
| Nota de historia bibliográfica | ej.1: consumo \ ej.2: consumo |
| 504 ## - NOTA DE BIBLIOGRAFÍA, ETC. | |
| Nota de bibliografía, etc. | Bibliografía: p. 189 - 191 |
| 650 ## - PUNTO DE ACCESO ADICIONAL DE MATERIA--TÉRMINO DE MATERIA | |
| Término de materia o nombre geográfico como elemento de entrada | Anestesia |
| 9 (RLIN) | 143179 |
| 650 ## - PUNTO DE ACCESO ADICIONAL DE MATERIA--TÉRMINO DE MATERIA | |
| Término de materia o nombre geográfico como elemento de entrada | Cirugía veterinaria |
| 9 (RLIN) | 23436 |
| 650 ## - PUNTO DE ACCESO ADICIONAL DE MATERIA--TÉRMINO DE MATERIA | |
| Término de materia o nombre geográfico como elemento de entrada | Cuidados postoperatorios |
| 9 (RLIN) | 146598 |
| 650 ## - PUNTO DE ACCESO ADICIONAL DE MATERIA--TÉRMINO DE MATERIA | |
| Término de materia o nombre geográfico como elemento de entrada | Cuidados preoperatorios |
| 9 (RLIN) | 143977 |
| 650 ## - PUNTO DE ACCESO ADICIONAL DE MATERIA--TÉRMINO DE MATERIA | |
| Término de materia o nombre geográfico como elemento de entrada | Equipo quirúrgico |
| 9 (RLIN) | 146599 |
| 650 ## - PUNTO DE ACCESO ADICIONAL DE MATERIA--TÉRMINO DE MATERIA | |
| Término de materia o nombre geográfico como elemento de entrada | técnicas de sutura |
| 9 (RLIN) | 143181 |
| 700 ## - PUNTO DE ACCESO ADICIONAL--NOMBRE DE PERSONA | |
| Nombre de persona | Navarro Morales, Luis Arturo, colab. |
| 9 (RLIN) | 146600 |
| 901 ## - ELEMENTOS DE DATOS A LOCAL LDA (RLIN) | |
| a | 636.0897919 O73 |
| 902 ## - ELEMENTOS DE DATOS B LOCAL, LDB (RLIN) | |
| a | M |
| 910 ## - DATOS DE OPCIÓN DEL USUARIO (OCLC) | |
| Datos de opción del usuario | |
| 942 ## - ELEMENTOS DE PUNTO DE ACCESO ADICIONAL (KOHA) | |
| Tipo de ítem Koha | Libro_ |
| 942 ## - ELEMENTOS DE PUNTO DE ACCESO ADICIONAL (KOHA) | |
| Tipo de ítem Koha | |
| Estado de retiro | Estado de pérdida | Fuente del sistema de clasificación o colocación | Estado dañado | No para préstamo | Código de colección | Localización permanente | Ubicación/localización actual | Ubicación en estantería | Fecha de adquisición | Código de barras | Fecha visto por última vez | Número de copia | Precio válido a partir de | Tipo de ítem Koha | Restricciones de uso | Total de préstamos | Renovaciones totales | Signatura topográfica completa | Fecha del último préstamo |
|---|---|---|---|---|---|---|---|---|---|---|---|---|---|---|---|---|---|---|---|
| Dewey Decimal Classification | General | Biblioteca Central | Biblioteca Central | Planta principal - Colección General | 13/04/2023 | 33724002567918 | 18/08/2025 | 13/04/2023 | Libro | Préstamo 15 días | 2 | 1 | 636.0897919 O73 | 18/08/2025 | |||||
| Dewey Decimal Classification | General | Biblioteca Central | Biblioteca Central | Planta principal - Colección General | 13/04/2023 | 33724002567959 | 13/04/2023 | c.2 | 13/04/2023 | Libro | Préstamo 15 días | 636.0897919 O73 | |||||||
| Dewey Decimal Classification | General | Zootecnia | Zootecnia | 09/10/2019 | z_7288 | 18/01/2022 | 1 | 18/01/2022 | Libro | ||||||||||
| Dewey Decimal Classification | General | Zootecnia | Zootecnia | 09/10/2019 | z_7289 | 18/01/2022 | 2 | 18/01/2022 | Libro |
